The kingdom according to Luke and Acts : A Social, Literary and theological Introduction (Record no. 22526)

MARC details
000 -LEADER
fixed length control field 00421cam a2200145 i 4500
020 ## - INTERNATIONAL STANDARD BOOK NUMBER
ISBN 9780801048876 (pbk.)
082 00 - DEWEY DECIMAL CLASSIFICATION NUMBER
Classification number 226.4
Author Cutter KUH
100 1# - MAIN ENTRY--AUTHOR NAME
Author name Kuhn, Karl Allen,
245 14 - TITLE STATEMENT
Title The kingdom according to Luke and Acts : A Social, Literary and theological Introduction
260 ## - PUBLICATION, DISTRIBUTION, ETC. (IMPRINT)
Place of publication U.S.A
Name of publisher Baker Academic
Year of publication 2015
300 ## - PHYSICAL DESCRIPTION
Number of Pages xxiii, 310 pages ;
650 #0 - SUBJECT ADDED ENTRY--TOPICAL TERM
Topical Term Kingdom of God
-- Bible - Luke
942 ## - ADDED ENTRY ELEMENTS (KOHA)
Koha item type Books
Holdings
Home library Current library Shelving location Date acquired Full call number Accession Number Koha item type
Henry Martyn Institute Library Henry Martyn Institute Library General stacks 11/20/2018 226.4 KUH 11003900 Books
Henry Martyn Institute Library Henry Martyn Institute Library General stacks 11/20/2018 226.4 KUH 11003899 Books
                   Copyright © 2026 | Henry Martyn Institute | Hyderabad | TS-500052 | INDIA | Implemented by hmi.edu.in
Hit-Count:

Powered by Koha